Vliv lidského kapitálu na konkurenceschopnost
Úroveň vzdelania a kvalifikácie pracovníkov je v súčasnosti jedným z najdôležitejších faktorov konkurencieschopnosti na úrovni firiem, a tým aj na národohospodárskej úrovni. Ľudský kapitál, teória ľudského kapitálu. Náklady a výnosy spojené so vzdelávaním. Ľudský kapitál a hospodársky rast.
Salvato in:
| Autore principale: | |
|---|---|
| Natura: | Capitolo di libro |
| Lingua: | ceco |
| Soggetti: | |
| Tags: |
Nessun Tag, puoi essere il primo ad aggiungerne!!
|
MARC
| LEADER | 00000nla a2200000 4500 | ||
|---|---|---|---|
| 001 | 0159345 | ||
| 005 | 20250815073409.8 | ||
| 041 | 0 | |a cze | |
| 044 | |a CZ | ||
| 245 | 1 | 0 | |a Vliv lidského kapitálu na konkurenceschopnost |c Vojtěch Jindra |
| 520 | |a Úroveň vzdelania a kvalifikácie pracovníkov je v súčasnosti jedným z najdôležitejších faktorov konkurencieschopnosti na úrovni firiem, a tým aj na národohospodárskej úrovni. Ľudský kapitál, teória ľudského kapitálu. Náklady a výnosy spojené so vzdelávaním. Ľudský kapitál a hospodársky rast. | ||
| 610 | 2 | 0 | |a kapitál ľudský |
| 610 | 2 | 0 | |a vzdelanie |
| 610 | 2 | 0 | |a náklady na vzdelanie |
| 610 | 2 | 0 | |a rast hospodársky |
| 610 | 2 | 0 | |a výhody konkurenčné |
| 100 | 1 | |a Jindra, Vojtěch | |